ბათუმის შოთა რუსთაველის სახელმწიფო უნივერსიტეტის ბიბლიოთეკა

Монтаж, экспулуатация и ремонт электрооборудования промышленных предприятий и установок. (ბიბ.ჩანაწერი № 37142)

000 -LEADER
fixed length control field 00915nam a2200229Ia 4500
001 - CONTROL NUMBER
control field 3098
003 - CONTROL NUMBER IDENTIFIER
control field GE_BSU
008 - FIXED-LENGTH DATA ELEMENTS--GENERAL INFORMATION
fixed length control field 181216s||||||||xx |||||||||||||| ||und||
040 ## - CATALOGING SOURCE
Transcribing agency GE_BSU
080 ## - UNIVERSAL DECIMAL CLASSIFICATION NUMBER
Universal Decimal Classification number 621(075.32)
100 ## - MAIN ENTRY--PERSONAL NAME
Personal name Зюзин,А.Ф. Поконов,Н.З. Вишток,А.М.
245 ## - TITLE STATEMENT
Title Монтаж, экспулуатация и ремонт электрооборудования промышленных предприятий и установок.
245 ## - TITLE STATEMENT
Remainder of title Учебник.
245 ## - TITLE STATEMENT
Statement of responsibility, etc. Ред.В.И.Петухова.
250 ## - EDITION STATEMENT
Edition statement Изд 2-ое,перераб.и доп.
260 ## - PUBLICATION, DISTRIBUTION, ETC.
Place of publication, distribution, etc. М.
260 ## - PUBLICATION, DISTRIBUTION, ETC.
Name of publisher, distributor, etc. Высш. школа.
260 ## - PUBLICATION, DISTRIBUTION, ETC.
Date of publication, distribution, etc. 1980.
300 ## - PHYSICAL DESCRIPTION
Extent 367стр.с илл.22см.
653 ## - INDEX TERM--UNCONTROLLED
Uncontrolled term Монтаж, экспулуатация и ремонт электрооборудования промышленных предприятий и установок.
942 ## - ADDED ENTRY ELEMENTS (KOHA)
Koha item type წიგნი
ეგზემპლარები
Withdrawn status Lost status Damaged status Not for loan Date acquired Barcode Date last seen Price effective from Koha item type
        2018-12-17 9411 2018-12-17 2018-12-17 წიგნი